Central Library OPAC University of Rajshahi

কবি বন্দে আলী মিয়া : (Record no. 41098)

MARC details
000 -LEADER
fixed length control field 01139nam a2200241 a 4500
001 - CONTROL NUMBER
control field 41098
003 - CONTROL NUMBER IDENTIFIER
rucl marc code BD-RjUL
005 - DATE AND TIME OF LATEST TRANSACTION
control field 20211209053329.0
008 - FIXED-LENGTH DATA ELEMENTS--GENERAL INFORMATION
fixed length control field 160515s1980 bg ||||| |||| 00| 0cben d
020 ## - INTERNATIONAL STANDARD BOOK NUMBER
Terms of availability : Tk. 12.00
035 ## - SYSTEM CONTROL NUMBER
System control number (BD-RjUL) 41214
040 ## - CATALOGING SOURCE
Original cataloging agency BD-RjUL
Language of cataloging ben
Transcribing agency BD-RjUL
041 ## - LANGUAGE CODE
Language code of text/sound track or separate title ben
082 ## - DEWEY DECIMAL CLASSIFICATION NUMBER
Edition number 23
Classification number 891.44092
Author mark and year KOB 1980
245 00 - TITLE STATEMENT
Title কবি বন্দে আলী মিয়া :
Remainder of title স্মারক গ্রন্থ /
Statement of responsibility, etc. গোলাম সাকলায়েম ; তসিকুল ইসলাম, যুগ্ম সম্পাদক
260 ## - PUBLICATION, DISTRIBUTION, ETC. (IMPRINT)
Place of publication, distribution, etc. রাজশাহী :
Name of publisher, distributor, etc. ইসলামিক সাংস্কৃতিক কেন্দ্র,
Date of publication, distribution, etc. [১৯৮০]
300 ## - PHYSICAL DESCRIPTION
Pagination ১৭১ পৃ. :
Illustrations চিত্র ;
Size ২১ সেমি.
600 ## - SUBJECT ADDED ENTRY--PERSONAL NAME
Personal name মিয়া, কবি বন্দে আলী
General subdivision জীবনী
Personal name Miah, Bonde Ali
General subdivision Biography
700 ## - ADDED ENTRY--PERSONAL NAME
Personal name সাকলায়েম, গোলাম, সম্পাদক
Personal name ইসলাম, তসিকুল, যুগ্ম সম্পাদক
942 ## - ADDED ENTRY ELEMENTS (KOHA)
Source of classification or shelving scheme Dewey Decimal Classification
Koha item type Books
Holdings
Lost status Source of classification or shelving scheme Damaged status Not for loan Collection code Permanent Location Current Location Shelving location Date acquired Source of acquisition Total Checkouts Full call number Date last seen Date checked out Copy number Koha item type
  Dewey Decimal Classification     Non-fiction Central Library, University of Rajshahi Central Library, University of Rajshahi   31/10/1983 Islamic Sahitik Center, Dhaka 1 B 891.44092 KOB 1980 18/03/2019 12/02/2019 C-2 Books
  Dewey Decimal Classification   Not For Loan Non-fiction Central Library, University of Rajshahi Central Library, University of Rajshahi Reading Room 31/10/1983 Islamic Sahitik Center, Dhaka   B 891.44092 KOB 1980 16/02/2017   C-1 Books